书目信息 |
| 书名: | Principles of optics | |
| 作者: | by Max Born and Emil Wolf ; with contributions by A.B. Bhatia ... [et al.]. | |
| 分册号: | ||
| 分册名: | 出版地: | Oxford ; |
|
| 出版社: | Pergamon Press | |
| 出版时间: | 1980. | |
| 页数: | xxviii, 808 p. : | |
| 开本: | 24 cm. | |
| 丛书名: | ||
| 中图分类号: | ||
| 科图分类号: | ||
| 其他分类号: | O43:H31 | |
| 主题词: | ||
| 电子资源: | ||
| 000 | 00958cam 22002773a 4504 | |
| 001 | E0730791632 | |
| 003 | CaOON | |
| 005 | 20070228084317.14 | |
| 008 | 801230s1980 enk b 0001 eng | |
| 010 | @a80041470 | |
| 020 | @a0080264816 (pbk.). | |
| 020 | @a0080264824. | |
| 040 | @aDLC@beng@cDLC@dCaOONL@dCaOON@dCaBVAS | |
| 050 | 00 | @aQC355.2@b.B67 1980 |
| 082 | 0 | @a535 |
| 090 | @aO43:H31 | |
| 099 | @dO43:H31@ex37 | |
| 100 | 1 | @aBorn, Max,@d1882-1970. |
| 245 | 10 | @aPrinciples of optics :@belectromagnetic theory of propagation, interference and diffraction of light / @cby Max Born and Emil Wolf ; with contributions by A.B. Bhatia ... [et al.]. |
| 250 | @a6th (corr.) ed. | |
| 260 | @aOxford ;@aToronto :@bPergamon Press,@c1980. | |
| 300 | @axxviii, 808 p. :@bill. ;@c24 cm. | |
| 504 | @aIncludes bibliographical references and indexes. | |
| 650 | 0 | @aOptics. |
| 650 | 0 | @aElectromagnetic theory. |
| 700 | 1 | @aWolf, Emil. |
| Principles of optics : : electromagnetic theory of propagation, interference and diffraction of light / / by Max Born and Emil Wolf ; with contributions by A.B. Bhatia ... [et al.].-6th (corr.) ed.-Oxford ; ; Toronto : : Pergamon Press, , 1980. |
| xxviii, 808 p. : : ill. ; ; 24 cm. |
| Includes bibliographical references and indexes. |
| ISBN 0080264816 (pbk.). |
| ● |
| 相关链接 |
|
|
|
|
正题名:Principles of optics
索取号:O43:H31/x37
 
预约/预借
| 序号 | 登录号 | 条形码 | 馆藏地/架位号 | 状态 | 备注 |
| 1 | 129466 | 000637779 | 第四借阅区/ [索取号:O43:H31/x37] | 在馆 | |
| 2 | 129467 | 000637788 | 第四借阅区/ [索取号:O43:H31/x37] | 在馆 | |
| 3 | 129468 | 000637804 | 第四借阅区/ [索取号:O43:H31/x37] | 在馆 | |
| 4 | 129469 | 000637797 | 第四借阅区/ [索取号:O43:H31/x37] | 在馆 | |
| 5 | 129470 | 000637813 | 第二样本阅览室/ [索取号:O43:H31/x37] | 在馆 |